000 01029nam a22001937a 4500
999 _c59217
_d59217
003 Ge_BSU
005 20221214152233.0
008 221214s1963ge xxu||||| |||| 00| 0 geo d
041 _ageo
080 _a821.353.1-311.6 ა-13
100 _aაბაშიძე, გრიგოლ, 1914-1994, ავტორი.
_916414
245 _aლაშარელა :
_bმეცამეტე საუკუნის ქართული ქრონიკა : [რომანი] /
_c გრიგოლ აბაშიძე ; რედ. ხ. ბერულავა ; ილ. ალ. ბანძელაძე.
264 _aთბილისი :
_bსაბჭ. საქართველო,
_c1963.
300 _a435 გვ. :
_bილ. 10 ფ. ილ. ;
_c 21 სმ.
653 _aქართული პროზა.
700 _aბერულავა, ხ
_eრედაქტორი
_93738
700 _aბანძელაძე, ალ
_eილუსტრატორი
_916415
942 _2udc
_cBK